| 000 | 08850nam a22006377a 4500 | ||
|---|---|---|---|
| 005 | 20120221113612.0 | ||
| 010 | _aB-472851-884 | ||
| 020 |
_a9788121616249 _c60.00 |
||
| 035 | _aB-472851-884 | ||
| 037 | _bब्लूबेरी बुक्स | ||
| 082 | _a921 | ||
| 100 |
_aदेवसरे, हरिकृष्ण _950647 |
||
| 245 |
_aमहान देश भक्त टीपू सुल्तानः _cहरिकृष्ण देवसरे _bबच्चों और किशोरों के लिए जीवनियां / |
||
| 260 |
_aनई दिल्ली _bहिन्द पॉकेट बुक्स _c2011 |
||
| 270 |
_aजे-40, जोरबाग लेन _bनई दिल्ली _e110003 |
||
| 300 |
_a64पृ _bसचित्र _c22सेमी (अजिल्द) |
||
| 700 | _942649 | ||
| 700 | _942654 | ||
| 942 |
_2ddc _cCH _h921 _mटीपूसु |
||
| 999 |
_c63241 _d63241 |
||